00439 2200181 4500001002100000005001500021008004100036020002200077035001900099041000700118082001400125090001600139100001700155245001700172260003100189300001900220650001800239INLIS00000000000517720241224113043241224||||||||| | ||| |||| || |  a978-602-7816-47-3 0010-1224005177 aid0 a741:05:00 a741.5 IWO m0 aIwok Abqary.00aMencuri Tebu aJakartabNoura Booksc2013 a23 HLM,;20,9CM 0aILMU OLAHRAGA